000 00408nam a22001217a 4500
020 _a 087548025X
050 _aBJ1463
_b.S3 1936
100 _aSchelling, F. W. J.,
245 _aPhilosophical inquiries into the nature of human freedom /
_cFriedrich Wilhelm Joseph von Schelling; James Gutmann
260 _aLa Salle, Ill. :
_bOpen Court,
_c1936.
300 _8lii, 128 pages ; 21 cm.
942 _2lcc
_cGEN
999 _c11077
_d11077